00790nam a2200205 a 450000100100000000500170001000800410002704000250006804100380009308200160013110000170014724000600016424500920022426000580031630000280037449000150040253401190041770000310053683000170056700002176320200930011435.0100911s1974 ag a r 000 0 spa d aDO-SdBNPbspacBNPHU17aspaheng2Código de idioma MARC annnnbF699c1 aFord, Leroy,10aUsing the lecture in teaching and training.lEspañol.13aLa conferencia en la enseñanza / :bLeroy Ford ; traducción de Ana María Swenson. aArgentina :bCasa Bautista de Publicaciones,c[1974]. a132 p. :bil. ;c22 cm.1 aCBPv11027 pTítulo original en inglés:tUsing the lecture in teaching and training.cNashville, Tennessee : Broadman, 19681 aSwenson, Ana María,etr. 0aCBP ;v11027